|
|
|
|
| LEADER |
01291nam a2200301 a 4500 |
| 001 |
14321286 |
| 008 |
121226s2004 nyua bc 000 0 eng |
| 999 |
|
|
|c 13063
|d 13063
|
| 010 |
|
|
|a 2006355187
|
| 020 |
|
|
|a 084782702X (hbk.)
|
| 020 |
|
|
|a 0847826333 (pbk.)
|
| 040 |
|
|
|a UKM
|c UKM
|d BGU
|d IXA
|d OCLCQ
|d OCL
|d BAKER
|d DLC
|d BD-DhAAL.
|
| 082 |
0 |
4 |
|a 720.92
|2 22
|
| 100 |
1 |
|
|a Meier, Richard,
|d 1934-
|9 31606
|
| 245 |
1 |
0 |
|a Richard Meier, architect :
|b 2000/2004 /
|c essays by Kenneth Frampton and Joseph Rykwert.
|
| 246 |
1 |
8 |
|a Richard Meier, architect.
|n Vol. 4
|
| 260 |
|
|
|a New York :
|b Rizzoli,
|c 2004.
|
| 300 |
|
|
|a 432 p. :
|b ill. (some col.) ;
|c 26 cm.
|
| 504 |
|
|
|a Includes bibliographical references (p. 421-428).
|
| 541 |
|
|
|e 00026401
|
| 600 |
1 |
0 |
|a Meier, Richard,
|d 1934-
|v Catalogs.
|9 31607
|
| 650 |
|
0 |
|a Architecture
|z United States
|x History
|y 21st century
|v Catalogs.
|9 31608
|
| 650 |
|
0 |
|a Architecture, Modern
|y 21st century
|v Catalogs.
|9 31609
|
| 700 |
1 |
|
|a Frampton, Kenneth.
|9 31610
|
| 700 |
1 |
|
|a Rykwert, Joseph,
|d 1926-
|9 31611
|
| 852 |
1 |
|
|a Ayesha Abed Library
|j General Shelf.
|
| 942 |
|
|
|2 ddc
|c BK
|
| 952 |
|
|
|0 0
|1 0
|4 0
|6 720_920000000000000_MEI
|7 0
|9 21716
|a BRACUL
|b BRACUL
|c GEN
|d 2012-12-30
|e Trim Education
|g 21250.00
|l 10
|m 87
|o 720.92 MEI
|p 3010026401
|r 2024-02-12
|s 2023-10-03
|t 1
|w 0000-00-00
|y BK
|x Available
|